Specifics of an Indirect Post-Merger Integration of a Complementary Goods Manufacturing Company Into a Group of the Premium Automobile Industry

Súčasný stav vedeckej literatúry pre nepriamu post-fúziu (PMI) dodávateľa do dcérskych spoločností výrobcu konečného výrobku. Najmä integrácia komplementárneho výrobcu produktov do automobilového priemyslu.

Na minha lista:
Detalhes bibliográficos
Autor principal: Barth, Martin, 1991-
Outros Autores: Markovič, Peter, 1974-
Formato: Capítulo de Livro
Idioma:inglês
Assuntos:
Tags: Adicionar Tag
Sem tags, seja o primeiro a adicionar uma tag!

MARC

LEADER 00000naa$a2200000$$$4500
001 0249905
005 20240502074012.0
041 0 |a eng 
044 |a SK 
245 1 0 |a Specifics of an Indirect Post-Merger Integration of a Complementary Goods Manufacturing Company Into a Group of the Premium Automobile Industry  |c Martin Barth, Peter Markovič 
520 |a Súčasný stav vedeckej literatúry pre nepriamu post-fúziu (PMI) dodávateľa do dcérskych spoločností výrobcu konečného výrobku. Najmä integrácia komplementárneho výrobcu produktov do automobilového priemyslu. 
610 2 0 |a priemysel automobilový 
610 2 0 |a automobily 
610 2 0 |a výroba 
610 2 0 |a výrobcovia 
610 2 0 |a dodávatelia 
610 2 0 |a spoločnosti dcérske 
610 2 0 |a fúzie 
100 1 |a Barth, Martin, 1991- 
700 1 |a Markovič, Peter, 1974-